Flagi podległych terytoriów - Statystyki

Ogólne statystyki
  • Ten quiz został rozwiązany 112 razy
    87 od ostatniego zresetowania
  • Średni wynik to 50 z 102
Statystyki odpowiedzi
Obrazkowy Odpowiedź % Poprawnych
Walia
100%
Anglia
93%
Grenlandia
93%
Szkocja
93%
Gibraltar
86%
Wyspa Man
86%
Wyspy Owcze
86%
Guam
79%
Hong Kong
79%
Irlandia Północna
79%
Jersey
79%
Katalonia
79%
Makau
79%
Nowa Kaledonia
79%
Palestyna
79%
Portoryko
79%
Wyspy Alandzkie
79%
Aruba
71%
Wyspa Bożego Narodzenia
71%
Wyspy Dziewicze Stanów Zjednoczonych
71%
Wyspy Kokosowe
71%
Anguilla
64%
Bermudy
64%
Brytyjskie Wyspy Dziewicze
64%
Curaçao
64%
Cypr Północny
64%
Guernsey
64%
Mariany Północne
64%
Montserrat
64%
Niue
64%
Norfolk
64%
Pitcairn
64%
Polinezja Francuska
64%
Saint-Pierre i Miquelon
64%
Samoa Amerykańskie
64%
Sardynia
64%
Sint Maarten
64%
Tokelau
64%
Wyspa Świętej Heleny
64%
Wyspy Cooka
64%
Bawaria
57%
Bonaire
57%
Brytyjskie Terytorium Oceanu Indyjskiego
57%
Falklandy
57%
Francuskie Terytoria Południowe i Antarktyczne
57%
Gujana Francuska
57%
Gwadelupa
57%
Kajmany
57%
Kurdystan
57%
Naddniestrze
57%
Reunion
57%
Saba
57%
Sahara Zachodnia
57%
Somaliland
57%
Turks i Caicos
57%
Tybetański Region Autonomiczny
57%
Wyspa Wielkanocna
57%
Zanzibar
57%
Martynika
50%
Osetia
50%
Sycylia
50%
Wallis i Futuna
50%
Abchazja
43%
Hawaje
43%
Kraj Basków
43%
Majotta
43%
Sint Eustatius
43%
Wyspa Wniebowstąpienia
43%
Czeczenia
36%
Dagestan
29%
Kałmucja
29%
Saint-Barthélemy
29%
Tristan da Cunha
29%
Hokkaido
21%
Jakucja
21%
Komi
21%
Mordowia
21%
Okinawa
21%
Saint-Martin
21%
Adygeja
14%
Adżaria
14%
Ałtaju
14%
Baszkortostan
14%
Chakasja
14%
Czuwaszja
14%
Dolina Aosty
14%
Gagauzja
14%
Karaczajo-Czerkiesja
14%
Karakałpacja
14%
Mari El
14%
Oksytania
14%
Sinciang
14%
Tatarstan
14%
Tuwa
14%
Udmurcja
14%
Wojwodina
14%
Buriacja
7%
Friuli-Wenecja Julijska
7%
Inguszetia
7%
Kabardo-Bałkaria
7%
Karelia
7%
Trydent-Górna Adyga
7%
Nie znaleziono quizów pasujących do podanych kryteriów
Rozkład punktacji
Procent ludzi z każdym wynikiem
Percentyl według liczby udzielonych odpowiedzi
Twoja historia wyników
Nie rozwiązałeś tego quizu od ostatniego zresetowania